1205 1293 1107 1831 1142 1670 1978 1156 1239 1333 1368 1342 1385 1338 1930 1948 1064 1069 1678 1486 1977 1307 1500 1448 1919 1266 1250 1752 1115 1105 1370 1179 1292 1605 1149 1791 1247 1080 1563 1486 1308 1768 1362 1194 1610 1522 1351 1414 1950 1614 1110 1225 1504 1105 1833 1548 1344 1700 1835 1183 1193 1424 1405 1189 1857 1454 1209 1325 1985 1781 1021 1958 1644 1072 1553 1924 1961 1291 1185 1722 1283 1008 1855 1205 1764 1656 1314 1152 1272 1437 1481 1571 1709 1809 1343 1936 1706 1118 1278 BCNSPRNW ULIB Ver.6.0+V

เปลี่ยนเป็นภาษาไทย

Change to English
 แสดงรายละเอียดบรรณานุกรม
  กลับหน้าหลัก

Brief Record : Get Marc (ISO 2709) : E-mail record : QR code < ปิดหน้าต่าง
LEADER : 00000nam 2200000uu 4500
001    13399127486
003     ULIB
008    200617s2562||||th 000 0 tha d
020 ^- ^a9786161830823
060 ^- ^aWM172.4^bป46B
100 0^ aประเสริฐ ผลิตผลการพิมพ์,
245 10 ^aBurn-out syndrome ภาวะหมดไฟในการทำงาน /^cประเสริฐ ผลิตผลการพิมพ์.
250 ^- ^aพิมพ์ครั้ง1
260 ^- ^aกรุงเทพฯ :^bอมรินทร์เฮลท์,^c2562
300 ^- ^a137 หน้า :^bภาพสีประกอบ.
650 ^4 ^aภาวะเหนื่อยล้าในการทำงาน.
653 ^- ^aBurnout syndrome
945    ^p195^l0^i28392
999    ^aกัณชพร จุลอักษร
รายการนี้ยังไม่มีแท็ก
คุณยังไม่ได้ล็อกอิน คุณสามารถมีกิจกรรมร่วมกับเว็บไซต์ได้ แต่ต้องล็อกอินก่อน ::
  ล็อกอิน

รายการสื่อสารสนเทศ

ลำดับที่ ประเภท เลขเรียก/บาร์โค้ด สถานที่ สถานะ
1. หนังสือสำรอง
หนังสือสำรอง
WM172.4 ป46B ฉ.1 
  Barcode: 28392
ห้องสมุดวิทยาเขตนครสวรรค์
►หนังสือทั่วไป:l:General Books
บนชั้น

รายการใกล้เคียง
    หัวเรื่อง [ภาวะเหนื่อยล้าในการทำงาน.]

BibComment


ยังไม่เคยถูกคอมเมนท์

คอมเมนท์ทรัพยากรรายการนี้
  คอมเมนท์: Burnout syndrome..


 Copyright 2026. Bcnsprnw @Library